[Event "Augsburg Afro op-A 18th"]
[Site "Augsburg"]
[Date "2011.08.06"]
[Round "6"]
[White "Cajkovski, Zeljko"]
[Black "Zametzer, Philipp"]
[Result "0-1"]
[WhiteElo "1713"]
[BlackElo "1870"]
[PlyCount "92"]
[EventDate "2011.08.04"]
[EventType "swiss"]
[EventRounds "7"]
[EventCountry "GER"]
[SourceTitle "EXT 2015"]
[Source "ChessBase"]
[SourceDate "2014.11.20"]
[SourceVersion "1"]
[SourceVersionDate "2014.11.20"]
[SourceQuality "1"]

1. e4 e6 2. d4 d5 3. Nc3 Nf6 4. e5 Nfd7 5. f4 c5 6. Nf3 Nc6 7. Ne2 Qb6 8. c3 Be7 9. g3 cxd4 10. Nexd4 Nxd4 11. Nxd4 f6 12. Bh3 Nc5 13. exf6 Bxf6 14. Qh5+ g6 15. Qe2 0-0 16. Be3 Qxb2 17. Qxb2 Nd3+ 18. Ke2 Nxb2 19. Nb5 b6 20. Nc7 Rb8 21. Bd4 Bxd4 22. cxd4 Rf7 23. Rac1 Nc4 24. Nb5 Re7 25. Kf2 Bd7 26. Nc3 b5 27. Rhe1 Kf7 28. Nd1 b4 29. Ne3 Bb5 30. Ng4 a5 31. Ne5+ Nxe5 32. Rxe5 Bc4 33. Rce1 Rbe8 34. f5 exf5 35. Bf1 Bxf1 36. Kxf1 Rxe5 37. dxe5 Rc8 38. Re2 Ke6 39. Ke1 a4 40. Kd1 Rc4 41. Rd2 Kxe5 42. Re2+ Re4 43. Rc2 b3 44. axb3 axb3 45. Rc7 Rb4 46. Kc1 Rc4+ 0-1

[Event "Augsburg Afro op-A 18th"]
[Site "Augsburg"]
[Date "2011.08.05"]
[Round "3"]
[White "Bauer, Bernd"]
[Black "Cajkovski, Zeljko"]
[Result "1-0"]
[WhiteElo "2002"]
[BlackElo "1713"]
[PlyCount "105"]
[EventDate "2011.08.04"]
[EventType "swiss"]
[EventRounds "7"]
[EventCountry "GER"]
[SourceTitle "EXT 2015"]
[Source "ChessBase"]
[SourceDate "2014.11.20"]
[SourceVersion "1"]
[SourceVersionDate "2014.11.20"]
[SourceQuality "1"]

1. e4 e6 2. d4 d5 3. Nc3 Bb4 4. e5 Ne7 5. Nf3 c5 6. a3 Bxc3+ 7. bxc3 Nbc6 8. Bd3 Qa5 9. Bd2 c4 10. Be2 b5 11. 0-0 a6 12. g3 Bd7 13. Ne1 0-0-0 14. Ng2 Rdg8 15. h4 h6 16. h5 g5 17. Ne3 Rg7 18. Ng4 Nf5 19. Kh2 Nce7 20. Nf6 Bc6 21. Bf3 Ng8 22. Ng4 Nge7 23. Bg2 Rgg8 24. Bh3 Rg7 25. Nf6 Ng8 26. Bxf5 Nxf6 27. exf6 Rgg8 28. Bh3 Re8 29. Re1 Rhg8 30. Qe2 Qc7 31. Bg4 Bd7 32. f3 Qd6 33. Qe5 Qc6 34. Reb1 Qc7 35. Be3 Bc6 36. Qxc7+ Kxc7 37. Re1 Kd6 38. Kg2 Bd7 39. f4 Kc6 40. fxg5 hxg5 41. a4 Rb8 42. axb5+ axb5 43. Bd2 Kb6 44. Kf3 Bc8 45. Re5 Bd7 46. Bxg5 Ra8 47. Rxa8 Rxa8 48. h6 Ra3 49. h7 Ra8 50. Bc1 Rh8 51. Rh5 Kc7 52. Ba3 Kd8 53. Bf8 1-0

[Event "Augsburg Afro op-A 18th"]
[Site "Augsburg"]
[Date "2011.08.04"]
[Round "2"]
[White "Cajkovski, Zeljko"]
[Black "Beck, Erich"]
[Result "1-0"]
[WhiteElo "1713"]
[BlackElo "1892"]
[PlyCount "96"]
[EventDate "2011.08.04"]
[EventType "swiss"]
[EventRounds "7"]
[EventCountry "GER"]
[SourceTitle "EXT 2015"]
[Source "ChessBase"]
[SourceDate "2014.11.20"]
[SourceVersion "1"]
[SourceVersionDate "2014.11.20"]
[SourceQuality "1"]

1. e4 d5 2. exd5 Qxd5 3. Nc3 Qa5 4. Bc4 Nf6 5. Nge2 e5 6. 0-0 Be7 7. d3 c6 8. Bg5 Bf5 9. Ng3 Bg6 10. Qe2 Nbd7 11. Rae1 0-0 12. Nce4 Rfe8 13. h4 h6 14. Nxf6+ Bxf6 15. Bd2 Qc7 16. h5 Bh7 17. Qg4 Kf8 18. Nf5 Bxf5 19. Qxf5 b5 20. Bb3 a5 21. a3 Qd6 22. Bc3 c5 23. Qh7 a4 24. Ba2 Rac8 25. b4 axb3 26. Bxb3 Ra8 27. Bb2 Rab8 28. Re2 c4 29. Ba2 cxd3 30. cxd3 b4 31. axb4 Qxb4 32. Rfe1 Ra8 33. Bd5 Ra5 34. Bc6 Qd6 35. Bxd7 Qxd7 36. d4 Ra2 37. dxe5 Bg5 38. e6 Rxe6 39. Qxg7+ Ke8 40. Qg8+ Ke7 41. Rxe6+ fxe6 42. Qg7+ Ke8 43. Qg6+ Kd8 44. Bf6+ Kc8 45. Bxg5 hxg5 46. Qxe6 Qxe6 47. Rxe6 Ra7 48. Rg6 Rh7 1-0

[Event "Augsburg Afro op-A 18th"]
[Site "Augsburg"]
[Date "2011.08.04"]
[Round "1"]
[White "Giss, Helene"]
[Black "Cajkovski, Zeljko"]
[Result "1-0"]
[WhiteElo "2049"]
[BlackElo "1713"]
[PlyCount "81"]
[EventDate "2011.08.04"]
[EventType "swiss"]
[EventRounds "7"]
[EventCountry "GER"]
[SourceTitle "EXT 2015"]
[Source "ChessBase"]
[SourceDate "2014.11.20"]
[SourceVersion "1"]
[SourceVersionDate "2014.11.20"]
[SourceQuality "1"]

1. e4 e6 2. d4 d5 3. Nd2 c5 4. exd5 exd5 5. Ngf3 Nf6 6. c3 Bd6 7. Bb5+ Bd7 8. Qe2+ Qe7 9. 0-0 Qxe2 10. Bxe2 0-0 11. dxc5 Bxc5 12. Nb3 Bb6 13. Bg5 Re8 14. Rfe1 Ng4 15. Bh4 Nc6 16. Rad1 Ne7 17. h3 Nh6 18. Ne5 Be6 19. Bb5 Nc6 20. Nxc6 bxc6 21. Bxc6 Nf5 22. Bxa8 Rxa8 23. Bg5 Rc8 24. g4 Nd6 25. Nd4 Ne4 26. Be3 Bd7 27. Nb3 Bxe3 28. Rxe3 Bc6 29. Nd4 Ba4 30. Rde1 g6 31. f3 Ng5 32. h4 Nh3+ 33. Kg2 Nf4+ 34. Kg3 g5 35. hxg5 Ng6 36. f4 Bd7 37. Nf5 Rb8 38. Ne7+ Kf8 39. Nxd5 Rxb2 40. Nf6 Bc6 41. Re8+ 1-0